| 000 | 00554nam a2200205Ia 4500 | ||
|---|---|---|---|
| 005 | 20250508170006.0 | ||
| 008 | 008 250505s9999 xx 000 0 eng d | ||
| 020 | _a978-81-316-1012-1 | ||
| 037 | _aTextual | ||
| 040 |
_aFEDL _beng _cFEDL |
||
| 041 |
_aeng _2eng |
||
| 084 |
_a150.954, DAL _qFEDL |
||
| 100 | _aDalal Ajit K | ||
| 245 | 0 | _aWhither India psychology? | |
| 260 |
_aJaipur, India _bRawat Publications _c2019 |
||
| 300 | _aix, 196p. | ||
| 365 |
_aINR _b795 |
||
| 942 |
_cTEXL _h150.954, DAL |
||
| 999 |
_c1398569 _d1398569 |
||